Countries in FIBA World Cup 1967 - Statistics

General Stats
  • This quiz has been taken 6 times
  • The average score is 11 of 13
Answer Stats
Rank Country % Correct
6th Place Argentina
100%
3rd Place Brazil
100%
9th Place Italy
100%
5th Place Poland
100%
Champions (1st Place) Soviet Union
100%
4th Place United States
100%
11th Place Japan
75%
8th Place Mexico
75%
10th Place Peru
75%
12th Place Puerto Rico
75%
Runners-Up (2nd Place) Yugoslavia
75%
Host (7th Place) Uruguay
50%
13th Place Paraguay
25%
No matching quizzes found
Score Distribution
Percent of People with Each Score
Percentile by Number Answered
Your Score History
You have not taken this quiz